Propofol and fentanyl induced perioperative anaphylaxis

Elmentve itt :
Bibliográfiai részletek
Szerzők: Belső Nóra
Kui Róbert
Szegesdi Ilona
Kakuja M.
Kapitány Klára
Kemény Lajos
Csörgő Sándorné Bata Zsuzsanna
Dokumentumtípus: Cikk
Megjelent: 2011
Sorozat:British Journal of Anaesthesia 106 No. 2
doi:10.1093/bja/aeq384

mtmt:1509928
Online Access:http://publicatio.bibl.u-szeged.hu/645
LEADER 00872nab a2200265 i 4500
001 publ645
005 20230303093427.0
008 120512s2011 hu o 0|| zxx d
022 |a 0007-0912 
024 7 |a 10.1093/bja/aeq384  |2 doi 
024 7 |a 1509928  |2 mtmt 
040 |a SZTE Publicatio Repozitórium  |b hun 
041 |a zxx 
100 1 |a Belső Nóra 
245 1 0 |a Propofol and fentanyl induced perioperative anaphylaxis  |h [elektronikus dokumentum] /  |c  Belső Nóra 
260 |c 2011 
300 |a 283-284 
490 0 |a British Journal of Anaesthesia  |v 106 No. 2 
700 0 1 |a Kui Róbert  |e aut 
700 0 1 |a Szegesdi Ilona  |e aut 
700 0 1 |a Kakuja M.  |e aut 
700 0 1 |a Kapitány Klára  |e aut 
700 0 1 |a Kemény Lajos  |e aut 
700 0 2 |a Csörgő Sándorné Bata Zsuzsanna  |e aut 
856 4 0 |u http://publicatio.bibl.u-szeged.hu/645/1/1509928_Belsobja.pdf  |z Dokumentum-elérés